BAMBOOS in Kyoto, Japan
| Other Authors: | , , |
|---|---|
| Format: | Book |
| Published: |
Kyoto, Japan :
Kinzo Honda ,
1993
|
| Subjects: |
MARC
| LEADER | 00000cam a2200000 7i4500 | ||
|---|---|---|---|
| 001 | 0000001634 | ||
| 005 | 20010903.0 | ||
| 020 | 0 | 0 | |a 4838101252 |
| 090 | 0 | 0 | |a 584.90952 |b BAM 1993 |
| 245 | 0 | 0 | |a BAMBOOS in Kyoto, Japan |c photographs by Kenzo Yamamoto; editors, K. Ueda & N. Toda |
| 260 | 0 | 0 | |a Kyoto, Japan : |b Kinzo Honda , |c 1993 |
| 300 | |a 92 p. : |b col. ill. ; |c 26 cm. | ||
| 650 | 0 | 0 | |a Bamboo |z Japan |x Pictorial works |
| 700 | 0 | 1 | |a Toda |h N. |
| 700 | 0 | 1 | |a Ueda |h K. |
| 700 | 0 | 1 | |a Yamamoto |h Kenzo |
| 998 | |a JPSM | ||
| 999 | |a 0000002850 |b Monograph |c Open Shelf |e Default branch | ||